|
|
|
|
| LEADER |
01459nam a2200373 a 4500 |
| 001 |
2533654 |
| 008 |
090719s1986 enk 000 0 eng d |
| 010 |
|
|
|a 93200171
|
| 020 |
|
|
|a 0140180923
|
| 020 |
|
|
|a 0140431691 (pbk.)
|
| 040 |
|
|
|a DLC
|c DLC
|d DLC
|
| 082 |
0 |
0 |
|a 823/.9
|2 20
|
| 100 |
1 |
|
|a Conrad, Joseph,
|d 1857-1924.
|
| 245 |
1 |
0 |
|a Lord Jim /
|c Joseph Conrad ; edited by Cedric Watts and Robert Hampson.
|
| 260 |
|
|
|a Harmondsworth, Middlesex, England ;
|a New York, N.Y., U.S.A. :
|b Penguin Books,
|c 1949
|g (1986 printing)
|
| 300 |
|
|
|a 377 p. :
|b 1 map ;
|c 18 cm.
|
| 490 |
1 |
|
|a Penguin classics
|
| 500 |
|
|
|a Originally published: London : J.M. Dent, 1900.
|
| 500 |
|
|
|a Source: Copyright deposit.
|5 DLC
|
| 504 |
|
|
|a Includes Bibliography (p. 31-[33].) and index.
|
| 541 |
1 |
|
|e 00011998
|
| 650 |
|
0 |
|a Merchant marine
|x Officers
|v Fiction.
|
| 650 |
|
0 |
|a British
|z Indonesia
|v Fiction.
|
| 650 |
|
0 |
|a Cowardice
|v Fiction.
|
| 650 |
|
0 |
|a Atonement
|v Fiction.
|
| 651 |
|
0 |
|a Indonesia
|v Fiction.
|
| 655 |
|
7 |
|a Psychological fiction.
|2 lcsh
|
| 700 |
1 |
|
|a Watts, Cedric Thomas.
|
| 700 |
1 |
|
|a Hampson, Robert.
|
| 710 |
2 |
|
|a Penguin Books.
|
| 710 |
2 |
|
|a Copyright Paperback Collection (Library of Congress)
|5 DLC
|
| 852 |
4 |
|
|a Ayesha Abed Library
|j General shelf.
|
| 999 |
|
|
|c 2529
|d 2529
|
| 952 |
|
|
|0 0
|1 0
|2 ddc
|4 0
|6 823_900000000000000_CON
|7 0
|9 2410
|a BRACUL
|b BRACUL
|c GEN
|d 2009-07-22
|g 499.00
|l 3
|m 22
|o 823.9 CON
|p 3010011998
|r 2025-07-13
|s 2025-05-04
|t 1
|w 2009-07-22
|y BK
|x $5.95
|